[Event " "]
[Site "Clichy II"]
[Date "31.??.??"]
[Round "10.5"]
[White "Housieaux, David"]
[Black "Grill, Marc"]
[Result "1-0"]
[WhiteElo "2336"]
[BlackElo "2147"]
[PlyCount "73"]
[EventDate "31.??.??"]
[WhiteTeam "Noyon"]
[BlackTeam "C.E. Nantes"]

1. Nf3 c5 2. c4 g6 3. d4 cxd4 4. Nxd4 Nc6 5. e4 Nf6 6. Nc3 d6 7. Be2 Nxd4 8.
Qxd4 Bg7 9. Bg5 O-O 10. O-O Be6 11. Qe3 Qa5 12. Rab1 Rfc8 13. b3 h6 14. Bh4
Rab8 15. Rfc1 a6 16. a4 Qb4 17. f3 g5 18. Be1 Qc5 19. Qxc5 dxc5 20. Bg3 Ra8 21.
a5 Rd8 22. Nd5 Bxd5 23. cxd5 Rac8 24. Bf2 Nd7 25. Rc2 Be5 26. g3 Bc7 27. Ra1
Bd6 28. Be3 e6 29. dxe6 fxe6 30. Bc4 Kf7 31. f4 gxf4 32. gxf4 Ke7 33. e5 Bc7
34. Be2 Rg8+ 35. Kf2 Bb8 36. Bf3 Rcf8 37. Ke2 1-0

[Event " "]
[Site "Clichy II"]
[Date "31.??.??"]
[Round "10.6"]
[White "Rihouay, Clement"]
[Black "Miedema, Roi"]
[Result "1-0"]
[WhiteElo "2170"]
[BlackElo "2248"]
[PlyCount "75"]
[EventDate "31.??.??"]
[WhiteTeam "C.E. Nantes"]

1. e4 e6 2. d4 d5 3. Nc3 Bb4 4. Nge2 Nc6 5. a3 Ba5 6. Qd3 dxe4 7. Qxe4 Nf6 8.
Qh4 Bb6 9. Bg5 Nb8 10. O-O-O Nbd7 11. d5 O-O 12. dxe6 fxe6 13. Nd4 Qe8 14. Nxe6
Bxf2 15. g3 h6 16. Bc4 Rf7 17. Bxf6 Nxf6 18. Rd8 Bxe6 19. Rxa8 Qxa8 20. Bxe6 b5
21. Rd1 Qe8 22. Bxf7+ Kxf7 23. Kb1 Qe5 24. Qb4 a6 25. Qb3+ Kg6 26. Nd5 c6 27.
Nxf6 gxf6 28. Qf3 Bc5 29. Qxc6 Bd4 30. c3 Qf5+ 31. Ka2 Be5 32. Qe8+ Kg5 33.
Qg8+ Kh5 34. Qf7+ Kg4 35. Qg7+ Kh5 36. Rg1 Qe6+ 37. Ka1 f5 38. Re1 1-0

[Event " "]
[Site "Clichy II"]
[Date "31.??.??"]
[Round "10.7"]
[White "Clery, Nicolas"]
[Black "Rabhi, Chamss-Eddine"]
[Result "1-0"]
[WhiteElo "2349"]
[BlackElo "2071"]
[PlyCount "47"]
[EventDate "31.??.??"]
[WhiteTeam "Noyon"]
[BlackTeam "C.E. Nantes"]

1. d4 Nf6 2. c4 e6 3. Nf3 d5 4. g3 Be7 5. Bg2 O-O 6. O-O b6 7. cxd5 exd5 8. Nc3
Bb7 9. Bf4 Bd6 10. Ne5 c6 11. e4 Re8 12. Rc1 c5 13. Nxf7 Kxf7 14. Bxd6 cxd4 15.
Nb5 Kg8 16. e5 Ne4 17. Nc7 Nc6 18. Nxe8 Qxe8 19. Re1 Qg6 20. Qb3 Na5 21. Qb5
Nxd6 22. Bxd5+ Kh8 23. exd6 Qh5 24. d7 1-0

[Event " "]
[Site "Clichy II"]
[Date "31.??.??"]
[Round "10.8"]
[White "Marchadour, Claire"]
[Black "Assad, Karine"]
[Result "1-0"]
[WhiteElo "2046"]
[BlackElo "2059"]
[PlyCount "35"]
[EventDate "31.??.??"]
[WhiteTeam "C.E. Nantes"]

1. e4 e5 2. Nf3 Nf6 3. d4 Nxe4 4. Bd3 d5 5. Nxe5 Nd7 6. Nxd7 Bxd7 7. O-O Qf6 8.
Nc3 Nxc3 9. bxc3 h5 10. Re1+ Be6 11. Re5 Qe7 12. Bg5 Qd7 13. Bf5 Be7 14. Bxe7
Qxe7 15. c4 Rd8 16. Qe2 Rd6 17. c5 Rc6 18. c4 1-0

[Event " "]
[Site "Clichy II"]
[Date "1.??.??"]
[Round "11.1"]
[White "Debray, Christopher"]
[Black "Todorov, Todor"]
[Result "0-1"]
[WhiteElo "2302"]
[BlackElo "2499"]
[PlyCount "54"]
[EventDate "1.??.??"]
[WhiteTeam "Evry Grand Roque II"]
[BlackTeam "Bois-Colombes"]

1. d4 g6 2. Nf3 Bg7 3. g3 d6 4. Bg2 e5 5. O-O exd4 6. Nxd4 Ne7 7. c3 O-O 8. Nd2
Nbc6 9. Ne4 Kh8 10. Bg5 f6 11. Bd2 Nxd4 12. cxd4 f5 13. Ng5 h6 14. Nf3 Be6 15.
Ne1 c6 16. Nd3 Kh7 17. Bc3 Bf7 18. e4 fxe4 19. Bxe4 Bd5 20. f3 Bc4 21. b3 Ba6
22. Nf4 Rxf4 23. gxf4 Bxf1 24. Qxf1 Qf8 25. Qc1 d5 26. Bc2 Re8 27. h4 h5 0-1

[Event " "]
[Site "Clichy II"]
[Date "1.??.??"]
[Round "11.2"]
[White "Kozakov, Mikhail"]
[Black "Guillon, Cyril"]
[Result "1-0"]
[WhiteElo "2415"]
[BlackElo "2219"]
[PlyCount "35"]
[EventDate "1.??.??"]
[WhiteTeam "Bois-Colombes"]

1. e4 c5 2. Nf3 Nc6 3. d4 cxd4 4. Nxd4 Nf6 5. Nc3 e5 6. Ndb5 d6 7. Bg5 a6 8.
Na3 b5 9. Bxf6 gxf6 10. Nd5 f5 11. g3 Bg7 12. Bg2 O-O 13. exf5 Bxf5 14. Ne3 Bd7
15. Qxd6 e4 16. O-O-O Ra7 17. Bxe4 Be5 18. Qh6 1-0

[Event " "]
[Site "Clichy II"]
[Date "1.??.??"]
[Round "11.3"]
[White "Maisuradze, Nino"]
[Black "Vuilleumier, Alexandre"]
[Result "0-1"]
[WhiteElo "2233"]
[BlackElo "2343"]
[PlyCount "42"]
[EventDate "1.??.??"]
[WhiteTeam "Evry Grand Roque II"]
[BlackTeam "Bois-Colombes"]

1. d4 Nf6 2. c4 c5 3. d5 e6 4. Nc3 exd5 5. cxd5 d6 6. e4 g6 7. f4 Bg7 8. Nf3
O-O 9. Be2 Bg4 10. O-O Nbd7 11. Nd2 Bxe2 12. Qxe2 Re8 13. Qd3 c4 14. Qxc4 Ng4
15. Qb4 a5 16. Qxb7 Bd4+ 17. Kh1 Nxh2 18. Qxa8 Qh4 19. Qxe8+ Kg7 20. g3 Qh3 21.
Qxd7 Ng4# 0-1

[Event " "]
[Site "Clichy II"]
[Date "1.??.??"]
[Round "11.4"]
[White "Dumitran, Octavian"]
[Black "Roumegous, Marina"]
[Result "1/2-1/2"]
[WhiteElo "2258"]
[BlackElo "2211"]
[PlyCount "63"]
[EventDate "1.??.??"]
[WhiteTeam "Bois-Colombes"]

1. Nf3 Nf6 2. c4 b6 3. g3 Bb7 4. Bg2 e6 5. O-O Be7 6. Nc3 O-O 7. d4 c5 8. d5
exd5 9. cxd5 d6 10. Rb1 Na6 11. a3 Nc7 12. e4 Nd7 13. Re1 f6 14. b4 Bc8 15. Bf1
Qe8 16. bxc5 bxc5 17. Nb5 Qd8 18. Bd2 a6 19. Nc3 Rb8 20. Rxb8 Nxb8 21. Qb3 Bg4
22. Nh4 Nd7 23. f3 Bh5 24. Be2 Re8 25. Rb1 Bf8 26. Qd1 Bf7 27. Qf1 Qa8 28. Nf5
Bg6 29. Ne3 Kh8 30. Qh3 Qa7 31. Rb3 Rb8 32. Rb1 1/2-1/2

[Event " "]
[Site "Clichy II"]
[Date "1.??.??"]
[Round "11.5"]
[White "Baumhauer, Christian"]
[Black "Chomet, Pascal"]
[Result "0-1"]
[WhiteElo "2045"]
[BlackElo "2356"]
[PlyCount "60"]
[EventDate "1.??.??"]
[WhiteTeam "Evry Grand Roque II"]
[BlackTeam "Bois-Colombes"]

1. e4 d6 2. d4 g6 3. Be3 Bg7 4. Nc3 a6 5. a4 b6 6. Bc4 e6 7. Nge2 Nf6 8. Qd2
Bb7 9. O-O Nxe4 10. Nxe4 Bxe4 11. Ng3 Bb7 12. Bh6 O-O 13. Bxg7 Kxg7 14. Ra3 Nd7
15. f4 Kh8 16. f5 exf5 17. Qh6 Qf6 18. Rf4 Qg7 19. Qh3 Nf6 20. Nxf5 gxf5 21.
Rxf5 Bc8 22. Rg3 Bxf5 23. Qxf5 Qh6 24. Rh3 Qg6 25. Qf3 Ne4 26. d5 f5 27. Qf4
Qg5 28. Qf3 Qc1+ 29. Bf1 Qxb2 30. c3 Ng5 0-1

[Event " "]
[Site "Clichy II"]
[Date "1.??.??"]
[Round "11.6"]
[White "Guichard, Pauline"]
[Black "Roumegous, Etienne"]
[Result "1/2-1/2"]
[WhiteElo "2291"]
[BlackElo "2116"]
[PlyCount "74"]
[EventDate "1.??.??"]
[WhiteTeam "Bois-Colombes"]

1. d4 d5 2. c4 c6 3. Nf3 Nf6 4. e3 e6 5. Nbd2 Nbd7 6. b3 Bd6 7. Bb2 O-O 8. Ne5
Ne4 9. Bd3 Qa5 10. Bxe4 dxe4 11. Nxd7 Bxd7 12. O-O f5 13. c5 Bb8 14. Nc4 Qd8
15. f3 Qh4 16. Nd6 Rf6 17. Qe1 Qxe1 18. Raxe1 Bxd6 19. cxd6 Rf7 20. fxe4 fxe4
21. Rxf7 Kxf7 22. Rf1+ Kg8 23. Rf4 Rf8 24. Rxe4 Rf5 25. a4 g6 26. Ba3 Kf7 27.
g4 Rf6 28. Re5 b6 29. Kg2 Bc8 30. Bb4 Ke8 31. Be1 Kd7 32. Bg3 Ba6 33. h3 Bf1+
34. Kh2 Rf3 35. Re4 Bd3 36. Rf4 Rxf4 37. Bxf4 b5 1/2-1/2

[Event " "]
[Site "Clichy II"]
[Date "1.??.??"]
[Round "11.8"]
[White "Bremond, Eric"]
[Black "Forget, Cyril"]
[Result "0-1"]
[WhiteElo "2233"]
[BlackElo "1901"]
[PlyCount "104"]
[EventDate "1.??.??"]
[WhiteTeam "Bois-Colombes"]

1. e4 c5 2. Nf3 d6 3. d4 cxd4 4. Nxd4 Nf6 5. Nc3 g6 6. Be3 Bg7 7. f3 Nc6 8. Qd2
O-O 9. Bc4 Bd7 10. Bb3 Ne5 11. O-O-O Qa5 12. h4 Rfc8 13. h5 Rxc3 14. Qxc3 Qxc3
15. bxc3 Nxh5 16. Bg5 Nf6 17. Bh6 Bh8 18. Kd2 b5 19. Bf4 Nh5 20. Bh2 Rc8 21. g4
Nf6 22. Bxe5 dxe5 23. Ne2 Ne8 24. Rh2 Bf6 25. Nc1 Nd6 26. Nd3 a5 27. a3 Bg5+
28. Ke2 Rxc3 29. Nxe5 a4 30. Bd5 Rxc2+ 31. Kd3 Rxh2 32. Nxd7 e6 33. Bc6 Nc4 34.
Kc3 Bd2+ 35. Kd4 Be3+ 36. Kc3 Bd2+ 37. Kd4 Nxa3 38. Kc5 Nc2 39. Bxb5 a3 40. Bc4
Bc3 41. Rd3 Bb4+ 42. Kb5 Rd2 43. Ne5 Rxd3 44. Nxd3 Bd6 45. e5 Be7 46. Ka4 Nd4
47. f4 h5 48. gxh5 gxh5 49. Nb4 Kg7 50. f5 Bxb4 51. f6+ Kg6 52. Kxb4 Nc6+ 0-1

[Event " "]
[Site "Clichy II"]
[Date "1.??.??"]
[Round "11.1"]
[White "Roser, Kevin"]
[Black "Colin, Vincent"]
[Result "1/2-1/2"]
[WhiteElo "2405"]
[BlackElo "2437"]
[PlyCount "26"]
[EventDate "1.??.??"]
[WhiteTeam "Issy les Moulineaux"]
[BlackTeam "Deauville"]

1. e4 e5 2. Nf3 Nc6 3. Bb5 a6 4. Ba4 Nf6 5. O-O b5 6. Bb3 Be7 7. Re1 O-O 8. d4
d6 9. c3 Bg4 10. Be3 d5 11. exd5 exd4 12. Bxd4 Nxd4 13. cxd4 Bb4 1/2-1/2

[Event " "]
[Site "Clichy II"]
[Date "1.??.??"]
[Round "11.2"]
[White "Tirard, Hugo"]
[Black "Piankov, Evgenij"]
[Result "1/2-1/2"]
[WhiteElo "2471"]
[BlackElo "2322"]
[PlyCount "35"]
[EventDate "1.??.??"]
[WhiteTeam "Deauville"]

1. e4 g6 2. d4 Bg7 3. Nc3 c6 4. Be3 d5 5. Qd2 dxe4 6. Nxe4 Nd7 7. Bc4 Ngf6 8.
Ng5 O-O 9. N1f3 Nd5 10. h4 h6 11. Nh3 Nxe3 12. fxe3 e5 13. O-O-O e4 14. Nfg1
Nb6 15. Bb3 a5 16. a3 a4 17. Ba2 Qxh4 18. Ne2 1/2-1/2

[Event " "]
[Site "Clichy II"]
[Date "1.??.??"]
[Round "11.3"]
[White "Wittmann, Marc"]
[Black "Geenen, Marc"]
[Result "1/2-1/2"]
[WhiteElo "2250"]
[BlackElo "2317"]
[PlyCount "24"]
[EventDate "1.??.??"]
[WhiteTeam "Issy les Moulineaux"]
[BlackTeam "Deauville"]

1. e4 e5 2. Nf3 Nc6 3. Bc4 Nf6 4. Nc3 Nxe4 5. Nxe4 d5 6. Bd3 dxe4 7. Bxe4 Nb4
8. a3 f5 9. Bxf5 Bxf5 10. axb4 e4 11. O-O Bd6 12. Nd4 Bxh2+ 1/2-1/2

[Event " "]
[Site "Clichy II"]
[Date "1.??.??"]
[Round "11.4"]
[White "Coursaget, Nicolas"]
[Black "Houhou, Olivier"]
[Result "1/2-1/2"]
[WhiteElo "2325"]
[BlackElo "2305"]
[PlyCount "85"]
[EventDate "1.??.??"]
[WhiteTeam "Deauville"]

1. d4 Nf6 2. c4 g6 3. Nc3 d5 4. cxd5 Nxd5 5. e4 Nxc3 6. bxc3 Bg7 7. Bc4 c5 8.
Be3 Nc6 9. Ne2 O-O 10. O-O Na5 11. Bd3 b6 12. Rc1 cxd4 13. cxd4 e6 14. Qd2 Bb7
15. h4 Qd7 16. h5 Rfc8 17. e5 Rxc1 18. Rxc1 Rc8 19. Rxc8+ Qxc8 20. Bh6 Qc6 21.
f3 Qd7 22. Bxg7 Kxg7 23. Qg5 Qe8 24. Nf4 Nc6 25. hxg6 hxg6 26. Qf6+ Kg8 27.
Bxg6 fxg6 28. Nxg6 Kh7 29. Nf8+ Kg8 30. Nxe6 Qf7 31. Qg5+ Kh8 32. Qh6+ Kg8 33.
Ng5 Qg7 34. Qe6+ Kf8 35. Qd6+ Qe7 36. Qh6+ Ke8 37. Qh5+ Kd8 38. Qh4 Kc7 39. Qf4
Nxd4 $11 40. Qxd4 Qxg5 41. Qd6+ Kc8 42. Qe6+ Kd8 43. Qd6+ 1/2-1/2

[Event " "]
[Site "Clichy II"]
[Date "1.??.??"]
[Round "11.5"]
[White "Emmenecker, Philippe"]
[Black "Godard, Maxence"]
[Result "0-1"]
[WhiteElo "2205"]
[BlackElo "2306"]
[PlyCount "102"]
[EventDate "1.??.??"]
[WhiteTeam "Issy les Moulineaux"]
[BlackTeam "Deauville"]

1. d4 Nf6 2. Nf3 e6 3. c4 b6 4. g3 Ba6 5. b3 Bb4+ 6. Bd2 Be7 7. Nc3 c6 8. e4 d5
9. e5 Ne4 10. Bd3 Nxd2 11. Qxd2 Bb7 12. cxd5 exd5 13. e6 fxe6 14. O-O O-O 15.
Qe2 Bc8 16. Ne5 Qe8 17. Qc2 g6 18. Ne2 Bf6 19. f4 Bb7 20. Rac1 Nd7 21. Ng4 Bg7
22. h4 Nf6 23. Nxf6+ Bxf6 24. h5 Kg7 25. g4 Bh4 26. Rfd1 gxh5 27. g5 h6 28.
gxh6+ Kxh6 29. Kh2 Rg8 30. f5 Qe7 31. Rg1 e5 32. f6 Qxf6 33. Rcf1 Qe7 34. Qd2+
Bg5 35. Ng3 Raf8 36. Rxf8 Rxf8 37. Qe2 Qe8 38. Nf5+ Rxf5 39. Bxf5 e4 40. Qg2
Qb8+ 41. Kh1 Qf4 42. Qh3 Ba6 43. Bg4 h4 44. Qc3 Qf6 45. b4 Bc4 46. Bd1 e3 47.
Bg4 c5 48. bxc5 bxc5 49. Qa3 cxd4 50. Qxa7 e2 51. Qd7 Be3 0-1

[Event " "]
[Site "Clichy II"]
[Date "1.??.??"]
[Round "11.6"]
[White "Fruteau, Sabine"]
[Black "Launiau, Severin"]
[Result "1-0"]
[WhiteElo "2152"]
[BlackElo "2132"]
[PlyCount "95"]
[EventDate "1.??.??"]
[WhiteTeam "Deauville"]

1. e4 e6 2. d4 d5 3. Nc3 Nf6 4. Bg5 Be7 5. e5 Nfd7 6. Bxe7 Qxe7 7. a3 a6 8. f4
c5 9. Nce2 Nc6 10. Nf3 f6 11. c3 fxe5 12. dxe5 O-O 13. Qd2 Na5 14. Qc2 b5 15.
h4 h6 16. Qg6 Rf5 17. h5 Nc4 18. b3 Na5 19. Nh4 Rf7 20. Qc2 Nf8 21. g3 Bb7 22.
Bg2 Rd8 23. Rd1 d4 24. cxd4 Bxg2 25. Nxg2 cxd4 26. Nxd4 Qxa3 27. O-O Qb4 28.
Qd2 Qxd2 29. Rxd2 Rfd7 30. Ra2 Rxd4 31. Rxa5 Rd3 32. Rxa6 Rxg3 33. Kh2 Rxb3 34.
f5 exf5 35. Rxf5 Rb2 36. Kg3 Rd3+ 37. Rf3 Rxf3+ 38. Kxf3 Nh7 39. Nf4 Ng5+ 40.
Kg4 Kf8 41. Ra8+ Ke7 42. Ra7+ Kd8 43. e6 Rb4 44. Kf5 Re4 45. Ra8+ Kc7 46. e7
Kd7 47. Ng6 Rxe7 48. Ra7+ 1-0

[Event " "]
[Site "Clichy II"]
[Date "1.??.??"]
[Round "11.7"]
[White "Demarre, Jacques"]
[Black "Amoyal, Pierre"]
[Result "0-1"]
[WhiteElo "2217"]
[BlackElo "2171"]
[PlyCount "166"]
[EventDate "1.??.??"]
[WhiteTeam "Issy les Moulineaux"]
[BlackTeam "Deauville"]

1. e4 c5 2. c3 d6 3. d4 Nf6 4. Bd3 e6 5. Nf3 Be7 6. O-O Nbd7 7. e5 dxe5 8. dxe5
Ng4 9. Qa4 h5 10. h3 c4 11. Bxc4 Qc7 12. Bb5 Ngxe5 13. Nxe5 Qxe5 14. Bf4 Qf5
15. Rd1 e5 16. Bxe5 a6 17. Bxd7+ Bxd7 18. Qf4 Qg6 19. Qg3 Qxg3 20. Bxg3 O-O-O
21. Nd2 h4 22. Bh2 Rh6 23. Nc4 b5 24. Ne5 Be8 $11 25. Rxd8+ Bxd8 26. Rd1 Re6
27. Nf3 Bd7 28. Kf1 Bf6 29. Bf4 b4 30. cxb4 Bxb2 31. Rd2 Bb5+ 32. Kg1 Bf6 33.
Nd4 Re1+ 34. Kh2 Bxd4 35. Rxd4 Re2 36. Be3 Rxa2 37. Rxh4 Kd7 38. Rh7 g6 39.
Rxf7+ Ke6 40. Rf8 Rc2 41. Rb8 Rc4 42. Bc5 Kf7 43. Rb6 Rc2 44. g4 Bf1 45. Be3
Bb5 46. Kg3 Rc4 47. Bc5 Rc3+ 48. Kh4 Bf1 49. Kg5 Bd3 50. f4 a5 51. Rb7+ Ke6 52.
Re7+ Kd5 53. h4 a4 54. Ra7 a3 55. Bf8 Bb1 56. h5 gxh5 57. Kxh5 a2 58. f5 Rc7
59. Ra5+ Ke4 60. Kg5 Rf7 61. Bh6 Rb7 62. Ra4 Kf3 63. Ra3+ Ke4 64. Bf8 Rf7 65.
Bc5 Rg7+ 66. Kh5 Kf4 67. Bd6+ Ke4 68. f6 Rh7+ 69. Kg5 Kd5 70. Be7 Ke6 71. Ra6+
Kf7 72. Bd6 Rh8 73. Be5 Rg8+ 74. Kf4 Rc8 75. Ra7+ Ke6 76. Ra6+ Kf7 77. Bd4 Re8
78. Ra7+ Ke6 79. Be5 Rc8 80. Ra6+ Kf7 81. Ra7+ Ke6 82. Re7+ Kd5 83. f7 Rc1 0-1

[Event " "]
[Site "Clichy II"]
[Date "1.??.??"]
[Round "11.8"]
[White "Canonne, Antoine"]
[Black "Ruiz, Emmanuelle"]
[Result "1-0"]
[WhiteElo "2064"]
[BlackElo "1580"]
[PlyCount "49"]
[EventDate "1.??.??"]
[WhiteTeam "Deauville"]

1. e4 e5 2. Nc3 Nf6 3. f4 d6 4. Nf3 exf4 5. d4 Bg4 6. Bxf4 Nc6 7. Bb5 d5 8. Qe2
Be7 9. O-O-O a6 10. Bxc6+ bxc6 11. exd5 O-O 12. dxc6 Re8 13. Qc4 Bd6 14. d5 Qb8
15. Bxd6 cxd6 16. Rde1 Qb6 17. h3 Bxf3 18. gxf3 Rab8 19. b3 Re3 20. Kb2 Rbe8
21. Rxe3 Qxe3 22. Qxa6 Qxf3 23. c7 Qf5 24. Re1 Rc8 25. Re6 1-0

[Event " "]
[Site "Clichy II"]
[Date "1.??.??"]
[Round "11.1"]
[White "Solodovnichenko, Yuri"]
[Black "Winants, Luc"]
[Result "1/2-1/2"]
[WhiteElo "2580"]
[BlackElo "2524"]
[PlyCount "107"]
[EventDate "1.??.??"]
[WhiteTeam "Niort"]
[BlackTeam "Cappelle la Grande"]

1. e4 e5 2. Nf3 Nc6 3. Bb5 Nf6 4. O-O Bc5 5. c3 O-O 6. d4 Bb6 7. Bg5 d6 8. Qd3
Qe7 9. Re1 Nd8 10. Nh4 Ne6 11. Nf5 Qd8 12. Bh4 Nf4 13. Qf3 c6 14. Bf1 Bxf5 15.
exf5 Re8 16. Nd2 N4d5 17. Ne4 Qd7 18. c4 Nxe4 19. Rxe4 Ne7 20. c5 Nxf5 21. cxb6
d5 22. Rg4 h5 23. Rg5 Nxh4 24. Qxh5 f6 25. Rg4 Nf5 26. dxe5 fxe5 27. Rg5 Nd6
28. Rxe5 Rxe5 29. Qxe5 axb6 30. Bd3 Re8 31. Qd4 b5 32. Rd1 Qe6 33. h3 Qf6 34.
Qxf6 gxf6 35. Kf1 Kf7 36. h4 Nc4 37. h5 Ra8 38. b3 Ne5 39. Bb1 Kg7 40. f4 Ng4
41. Ke2 Rf8 42. Kf3 f5 43. Bxf5 Nh2+ 44. Kg3 Rxf5 45. Kxh2 Rxf4 46. Kg3 Re4 47.
Rf1 d4 48. Kf3 Re6 49. Rc1 b6 50. g4 c5 51. g5 d3 52. a4 bxa4 53. bxa4 Re5 54.
Kf4 1/2-1/2

[Event " "]
[Site "Clichy II"]
[Date "1.??.??"]
[Round "11.2"]
[White "Carlier, Bruno"]
[Black "Stets, Dmitry"]
[Result "1/2-1/2"]
[WhiteElo "2425"]
[BlackElo "2380"]
[PlyCount "29"]
[EventDate "1.??.??"]
[WhiteTeam "Cappelle la Grande"]

1. Nf3 Nf6 2. g3 g6 3. Bg2 Bg7 4. d4 O-O 5. O-O d6 6. Nc3 Nbd7 7. e4 e5 8. dxe5
dxe5 9. b3 Re8 10. Bb2 c6 11. a4 Qc7 12. Ba3 Bf8 13. Bxf8 Nxf8 14. Qd2 Bg4 15.
Qe3 1/2-1/2

[Event " "]
[Site "Clichy II"]
[Date "1.??.??"]
[Round "11.3"]
[White "David, Vincent"]
[Black "Jossien, Arnaud"]
[Result "1/2-1/2"]
[WhiteElo "2375"]
[BlackElo "2365"]
[PlyCount "103"]
[EventDate "1.??.??"]
[WhiteTeam "Niort"]
[BlackTeam "Cappelle la Grande"]

1. d4 d6 2. Nf3 Bg4 3. e4 Nf6 4. Nc3 e6 5. h3 Bh5 6. g4 Bg6 7. Qe2 c6 8. Bg5
Be7 9. h4 h5 10. gxh5 Nxh5 11. O-O-O Nd7 12. Kb1 a6 13. d5 cxd5 14. exd5 e5 15.
Bh3 b5 16. Ne4 Ndf6 17. Ng3 Nxg3 18. fxg3 Ne4 19. Bxe7 Qxe7 20. Qe1 Rb8 21. Rh2
O-O 22. g4 b4 23. Re2 Nc3+ 24. bxc3 bxc3+ 25. Ka1 Qc7 26. Re3 Rfc8 27. h5 Bxc2
28. Rc1 Rb2 29. Rxc3 Qxc3 30. Qxc3 Rxc3 31. Kxb2 Rxf3 32. Bg2 Be4 33. Bxf3 Bxf3
34. Rc6 Bxd5 35. Rxd6 Bf3 36. g5 Bxh5 37. Kc3 Kh7 38. Rxa6 Bg4 39. g6+ fxg6 40.
Ra5 g5 41. Rxe5 Kg6 42. Kd4 Bf5 43. Ra5 Bh3 44. Ke3 Bg4 45. Ke4 Bh3 46. Ra3 Bg4
47. Ke5 Bc8 48. Rb3 Bg4 49. Rc3 Bd7 50. Kd6 Bg4 51. Ke7 Bf5 52. Kd6 1/2-1/2

[Event " "]
[Site "Clichy II"]
[Date "1.??.??"]
[Round "11.4"]
[White "Jossien, Remy"]
[Black "Tranchant, Sebastien"]
[Result "1-0"]
[WhiteElo "2248"]
[BlackElo "2232"]
[PlyCount "111"]
[EventDate "1.??.??"]
[WhiteTeam "Cappelle la Grande"]

1. d4 Nf6 2. Nc3 d5 3. Bg5 c5 4. Bxf6 gxf6 5. e4 dxe4 6. dxc5 f5 7. Bc4 e6 8.
Qh5 Qd4 9. Bb3 Bxc5 10. Nh3 Be7 11. O-O a6 12. Rad1 Qf6 13. Qe2 Nc6 14. Qe3 Rg8
15. f3 exf3 16. Rxf3 Qe5 17. Qd3 Rg4 18. Nf2 Rd4 19. Qf1 Rxd1 20. Qxd1 h6 21.
Nd3 Qd4+ 22. Kh1 Bd7 23. Qf1 O-O-O 24. Rf4 Qd6 25. Na4 Na5 26. h3 Rg8 27. Qe1
Nxb3 28. axb3 Bc6 29. Rf2 Qg3 30. Nf4 Bh4 31. Qe5 Bxa4 32. Rf3 Qe1+ 33. Qxe1
Bxe1 34. bxa4 Bb4 35. Kg1 Bd6 36. Nd3 Kd7 37. b3 b5 38. axb5 axb5 39. c3 Rc8
40. Nc1 f4 41. Ne2 e5 42. Rd3 Ke6 43. Rd1 Rc7 44. Ra1 Ra7 45. Rxa7 Bc5+ 46.
Nd4+ exd4 47. Ra6+ Kd5 48. cxd4 Kxd4 49. Kf1 Kc3 50. Rc6 Kb4 51. Rxh6 Kxb3 52.
Ke2 Be3 53. Rh8 Kc4 54. Rc8+ Bc5 55. h4 Kd5 56. Rxc5+ 1-0

[Event " "]
[Site "Clichy II"]
[Date "1.??.??"]
[Round "11.5"]
[White "Demuth, Adrien"]
[Black "Couche, Didier"]
[Result "1-0"]
[WhiteElo "2174"]
[BlackElo "2127"]
[PlyCount "99"]
[EventDate "1.??.??"]
[WhiteTeam "Niort"]
[BlackTeam "Cappelle la Grande"]

1. d4 d5 2. c4 c6 3. Nf3 e6 4. Nc3 dxc4 5. a4 Bb4 6. Bd2 c5 7. dxc5 Na6 8. Ne4
Bxc5 9. Bc3 Qxd1+ 10. Rxd1 Bb4 11. e3 Bxc3+ 12. Nxc3 Nf6 13. Bxc4 Nc5 14. Ne5
Ncd7 15. Nd3 b6 16. f3 Bb7 17. e4 a6 18. Ke2 Rc8 19. b3 Nb8 20. Nb4 Ke7 21. Ke3
Rhd8 22. Rxd8 Rxd8 23. Rd1 Rxd1 24. Nxd1 Nfd7 25. Nb2 Ne5 26. Be2 a5 27. N4d3
Nbd7 28. Nxe5 Nxe5 29. Bb5 Kd6 30. Kd4 f6 31. h3 Bc6 32. Be2 Bd7 33. Kc3 Nc6
34. Bb5 Ne5 35. f4 Ng6 36. Nc4+ Kc7 37. Bxd7 Kxd7 38. Nxb6+ Kc7 39. Nc4 Nxf4
40. Nxa5 Nxg2 41. b4 Nf4 42. b5 Nxh3 43. Nc4 Ng5 44. Kd4 h5 45. a5 h4 46. b6+
Kc6 47. a6 e5+ 48. Ke3 Nf7 49. b7 Kc7 50. Na5 1-0

[Event " "]
[Site "Clichy II"]
[Date "1.??.??"]
[Round "11.6"]
[White "Platel, Alexandre"]
[Black "Lagarde, Maxime"]
[Result "1-0"]
[WhiteElo "2197"]
[BlackElo "2202"]
[PlyCount "117"]
[EventDate "1.??.??"]
[WhiteTeam "Cappelle la Grande"]

1. e4 c5 2. Nf3 d6 3. Bb5+ Bd7 4. Bxd7+ Qxd7 5. O-O Nf6 6. Qe2 Nc6 7. c3 e6 8.
d4 cxd4 9. cxd4 d5 10. e5 Ng8 11. a3 Nge7 12. b4 Nf5 13. Bb2 h5 14. Nbd2 a6 15.
Nb3 Be7 16. Ne1 g5 17. Nd3 b6 18. Rac1 g4 19. Rc2 Rc8 20. Rd1 Bg5 21. Ne1 Ra8
22. b5 axb5 23. Qxb5 Nxe5 24. Qxb6 Nc4 25. Qb4 Nfd6 26. Nc5 Qe7 27. a4 O-O 28.
Qc3 f5 29. Ned3 Ne4 30. Qe1 Rfb8 31. Bc1 Bf6 32. Nf4 Nxc5 33. dxc5 Re8 34. Re2
Qxc5 35. Rxe6 Ne5 36. Be3 Qf8 37. Rxe8 Rxe8 38. Qa5 Qf7 39. Qxd5 Rd8 40. Qxf7+
Kxf7 41. Rxd8 Bxd8 42. Nxh5 Nc4 43. Bd4 Bc7 44. Bc3 f4 45. h3 g3 46. fxg3 fxg3
47. Be1 Bb6+ 48. Kf1 Ne3+ 49. Ke2 Nxg2 50. Bxg3 Kg6 51. Nf4+ Nxf4+ 52. Bxf4 Bd8
53. Bd2 Kf5 54. a5 Ke4 55. a6 Bb6 56. Ba5 Ba7 57. Bc7 Kd5 58. Bg3 Kc6 59. Bf2
1-0

[Event " "]
[Site "Clichy II"]
[Date "1.??.??"]
[Round "11.7"]
[White "Voisembert, Alain"]
[Black "Gouvart, Stephane"]
[Result "1-0"]
[WhiteElo "2133"]
[BlackElo "1967"]
[PlyCount "113"]
[EventDate "1.??.??"]
[WhiteTeam "Niort"]
[BlackTeam "Cappelle la Grande"]

1. e4 e5 2. Bc4 Nf6 3. d4 exd4 4. Nf3 d5 5. exd5 Bb4+ 6. c3 Qe7+ 7. Kf1 dxc3 8.
bxc3 Bc5 9. Nd4 O-O 10. h3 Nbd7 11. Bb3 Nb6 12. c4 Re8 13. Be3 Qe5 14. Nc3 Bb4
15. Ncb5 a6 16. Nf3 Qe7 17. Nbd4 Ne4 18. Ne2 Bf5 19. g4 Bg6 20. h4 h5 21. g5
Rad8 22. Rg1 Nd7 23. Nf4 Bf5 24. Nd4 Bg4 25. Rxg4 hxg4 26. Qxg4 Nd2+ 27. Kg1
Ne5 28. Qg3 Qd7 29. g6 Qg4 30. gxf7+ Kxf7 31. Qxg4 Nxg4 32. Nfe6 Rc8 33. Bxd2
Bxd2 34. Bd1 Ne5 35. Be2 c6 36. Nf5 cxd5 37. cxd5 Rxe6 38. dxe6+ Kxe6 39. Nxg7+
Kf7 40. Nf5 Rh8 41. h5 Kf6 42. Ng3 Bb4 43. Rb1 a5 44. Rc1 b6 45. Rc7 Kg5 46.
Rb7 Rh6 47. Kg2 Kf4 48. Kh3 Be1 49. Kg2 Bb4 50. Rb8 Bc5 51. Re8 Bb4 52. Bb5 Bc5
53. a4 Ng4 54. Re4+ Kg5 55. f4+ Kf6 56. Re2 Bb4 57. Kf3 1-0

[Event " "]
[Site "Clichy II"]
[Date "1.??.??"]
[Round "11.8"]
[White "Husson, Cybele"]
[Black "Marchais, Aurelie"]
[Result "1-0"]
[WhiteElo "2042"]
[BlackElo "1773"]
[PlyCount "103"]
[EventDate "1.??.??"]
[WhiteTeam "Cappelle la Grande"]

1. e4 c6 2. d4 d5 3. Nd2 dxe4 4. Nxe4 Bf5 5. Ng3 Bg6 6. h4 h6 7. Nf3 Nd7 8. Bd3
Bxd3 9. Qxd3 Qc7 10. Bd2 e6 11. O-O-O Ngf6 12. Rhe1 Bd6 13. Ne4 Nxe4 14. Rxe4
O-O-O 15. g3 Nf6 16. Re2 Rd7 17. Qc4 Rhd8 18. Bb4 Qb6 19. Bxd6 Rxd6 20. c3 Kb8
21. Ne5 Qc7 22. f4 c5 23. Rde1 Rc8 24. dxc5 Rd5 25. b4 Nd7 26. Nf3 Nxc5 27. Kc2
Na4 28. Qxc7+ Rxc7 29. Re3 Nb6 30. Kb3 Nc4 31. Re4 b5 32. Rd4 Rcd7 33. Red1 Kc7
34. Rxd5 Rxd5 35. Rxd5 exd5 36. Nd4 a6 37. Nf5 Nd2+ 38. Kc2 Ne4 39. g4 Nf2 40.
g5 hxg5 41. fxg5 g6 42. Nh6 f6 43. gxf6 Kd7 44. Ng8 Ke6 45. Ne7 Ne4 46. Nxg6
Nxf6 47. Kd3 Kf5 48. Ne7+ Kg4 49. Kd4 Kxh4 50. Nxd5 Nd7 51. Nc7 Nb8 52. Kc5 1-0

[Event " "]
[Site "Clichy II"]
[Date "1.??.??"]
[Round "11.1"]
[White "Bojkov, Dejan"]
[Black "Gharamian, Tigran"]
[Result "1-0"]
[WhiteElo "2487"]
[BlackElo "2471"]
[PlyCount "85"]
[EventDate "1.??.??"]
[WhiteTeam "Migné-Auxances"]
[BlackTeam "Lille"]

1. e4 c5 2. Nf3 d6 3. d4 cxd4 4. Nxd4 Nf6 5. Nc3 a6 6. Be3 e5 7. Nf3 Be7 8. Bc4
O-O 9. O-O Be6 10. Bxe6 fxe6 11. Na4 Nfd7 12. Qe2 b5 13. Nc3 Nb6 14. a4 b4 15.
a5 bxc3 16. axb6 cxb2 17. Ra2 Qc8 18. Rxb2 Qb7 19. Bg5 h6 20. Bxe7 Qxe7 21. Ra1
Nd7 22. Nd2 Rfb8 23. Nc4 d5 24. b7 Ra7 25. Na5 Qd6 26. exd5 exd5 27. Rab1 Qc7
28. Qe3 d4 29. Qb3+ Kh7 30. Qf3 Qxa5 31. Qf5+ Kh8 32. Qxd7 Qc5 33. h3 Kh7 34.
Qf5+ Kh8 35. Rb6 Qc7 36. Qe4 Kg8 37. Qd5+ Kh7 38. R1b3 Qe7 39. Re6 Qg5 40. Qe4+
g6 41. Rxe5 Qc1+ 42. Kh2 h5 43. Rxh5+ 1-0